000 01366nam0a2200337 4500
001 RU\NLR\bibl\1676996
005 20260408000043.0
010 _a978-5-903926-13-8
021 _aRU
_b2010-62278
_94083
035 _a(nilc)RSL-KNO-004719164
035 _a(NLR Aleph) 001668228
090 _a1024765
_c1024765
100 _a20100816d2010 |||y0rusy50 ca
101 0 _arus
102 _aRU
105 _aa |||||||||
200 1 _aНа крыльях музыки...
_eЖуковский симфонический оркестр 50 лет
_f[ред.-сост. Михаил Сегельман]
210 _aМосква
_cКиселева Н. В.
_d2010
215 _a150, [1] с., [8] л. ил., портр.
_d22
320 _aБиблиогр. в тексте
601 0 2 _aЖуковский симфонический оркестр
_92615871
_3RU\NLR\auth\661552430
686 _aЩ315.10-73(2Р=Р)7-68"Жуковский симфонический оркестр".г.я43
_2rubbk
686 _aЩ313(2Р=Рус)7-68
702 1 _aСегельман
_bМ.
_gМихаил
_4220
712 0 2 _4570
_aЖуковский симфонический оркестр
_3RU\NLR\AUTH\8810163670
_9823361
801 0 _aRU
_bРГБ
_c20100816
_grcr
801 1 _aRU
_bРГБ
_c20100816
801 2 _aRU
_bNLR
_c20100922
_grcr
942 _cBOOK
980 _aNB